NLSUI OPAC header image

Universities han book 2010 member universities vol.1 A-K (Record no. 115596)

MARC details
000 -LEADER
fixed length control field 00383nam a22001217a 4500
005 - DATE AND TIME OF LATEST TRANSACTION
control field 20190928161912.0
008 - FIXED-LENGTH DATA ELEMENTS--GENERAL INFORMATION
fixed length control field 190928b ||||| |||| 00| 0 eng d
082 ## - DEWEY DECIMAL CLASSIFICATION NUMBER
Edition number 32nd
Classification number 370.078 AIU
245 ## - TITLE STATEMENT
Title Universities han book 2010 member universities vol.1 A-K
260 ## - PUBLICATION, DISTRIBUTION, ETC.
Place of publication, distribution, etc. New Delhi
Name of publisher, distributor, etc. association of india universities
650 ## - SUBJECT ADDED ENTRY--TOPICAL TERM
Geographic subdivision Education
-- University Handbook
942 ## - ADDED ENTRY ELEMENTS (KOHA)
Source of classification or shelving scheme Dewey Decimal Classification
Koha item type Repository
Holdings
Withdrawn status Lost status Source of classification or shelving scheme Damaged status Not for loan Home library Current library Shelving location Date acquired Coded location qualifier Cost, normal purchase price Total Checkouts Full call number Barcode Date last seen Price effective from Koha item type
    Dewey Decimal Classification     . .   28.09.2019 Documentat 0.00   370.078 AIU REP13447 28.09.2019 28.09.2019 Repository